<?xml version="1.0" encoding="UTF-8"?>
<collection xmlns="http://www.loc.gov/MARC21/slim">
<record>
  <controlfield tag="001">5703</controlfield>
  <controlfield tag="005">20220317094711.0</controlfield>
  <datafield tag="037" ind1=" " ind2=" ">
    <subfield code="a">RADIOTV-2022-0004</subfield>
  </datafield>
  <datafield tag="100" ind1=" " ind2=" ">
    <subfield code="a">Van Noten, Koen</subfield>
  </datafield>
  <datafield tag="245" ind1=" " ind2=" ">
    <subfield code="a">Japan getroffen door zware aardbeving en tsunamialarm: "Iedereen weet daar wat ze dan moeten doen"</subfield>
  </datafield>
  <datafield tag="260" ind1=" " ind2=" ">
    <subfield code="c">2022</subfield>
  </datafield>
  <datafield tag="269" ind1=" " ind2=" ">
    <subfield code="c">2022-03-16</subfield>
  </datafield>
  <datafield tag="594" ind1=" " ind2=" ">
    <subfield code="a">NO</subfield>
  </datafield>
  <datafield tag="653" ind1="1" ind2=" ">
    <subfield code="a">Japan</subfield>
  </datafield>
  <datafield tag="653" ind1="1" ind2=" ">
    <subfield code="a">Aardbeving</subfield>
  </datafield>
  <datafield tag="773" ind1=" " ind2=" ">
    <subfield code="t">Radio 1 - De Wereld Vandaag (Roels, Lode)</subfield>
  </datafield>
  <datafield tag="856" ind1="0" ind2=" ">
    <subfield code="f">koen.vannoten@observatoire.be</subfield>
  </datafield>
  <datafield tag="856" ind1="4" ind2="2">
    <subfield code="a">https://radio1.be/luister/select/de-wereld-vandaag/japan-getroffen-door-zware-aardbeving-en-tsunamialarm-iedereen-weet-daar-wat-ze-dan-moeten-doen</subfield>
  </datafield>
  <datafield tag="980" ind1=" " ind2=" ">
    <subfield code="a">RADIOTV</subfield>
  </datafield>
</record>
</collection>